[Event "Druzynowe Mistrzostwa Polski - II Liga S"]
[Site "Ustron/Slaski Zwiazek Szachowy"]
[Date "2008.09.06"]
[Round "1.28"]
[White "Wozniak, Marcin"]
[Black "Kolosowski, Pawel"]
[Result "0-1"]
[WhiteElo "2130"]
[BlackElo "2309"]
[PlyCount "52"]
[EventDate "2008.??.??"]

1. c4 g6 2. g3 Bg7 3. Bg2 d6 4. Nc3 e5 5. d3 f5 6. e3 Nf6 7. Nge2 O-O 8. O-O c6
9. f4 Be6 10. Rb1 a5 11. b3 Na6 12. a3 Bf7 13. b4 axb4 14. axb4 Nc7 15. b5 exf4
16. Nxf4 d5 17. cxd5 Nfxd5 18. Ncxd5 Nxd5 19. Nxd5 Bxd5 20. Bxd5+ Qxd5 21. Qb3
Rfd8 22. bxc6 bxc6 23. Ba3 Kh8 24. Qxd5 Rxd5 25. Rb3 Rb5 26. Rfb1 Rxa3 0-1

[Event "Druzynowe Mistrzostwa Polski - II Liga S"]
[Site "Ustron/Slaski Zwiazek Szachowy"]
[Date "2008.09.06"]
[Round "1.29"]
[White "Kempinski, Tomasz"]
[Black "Starzynski, Waldemar"]
[Result "1-0"]
[WhiteElo "2260"]
[BlackElo "1866"]
[PlyCount "61"]
[EventDate "2008.??.??"]

1. e4 e6 2. d4 d5 3. exd5 exd5 4. Bd3 Nf6 5. h3 Be7 6. Qf3 Nbd7 7. Nc3 c6 8.
Nge2 b6 9. O-O Bb7 10. Ng3 Nf8 11. Nf5 Ne6 12. Re1 O-O 13. Ne2 Re8 14. Nxe7+
Rxe7 15. c3 Qc7 16. Be3 Rae8 17. Ng3 Rd8 18. Nf5 Ree8 19. Re2 Bc8 20. Rae1 Bd7
21. Nxg7 Nxg7 22. Qxf6 Re6 23. Qh4 f5 24. Bf4 Qc8 25. Ba6 Rxe2 26. Rxe2 Qxa6
27. Qxd8+ Be8 28. Rxe8+ Nxe8 29. Qxe8+ Kg7 30. Be5+ Kh6 31. Qf8+ 1-0

[Event "Druzynowe Mistrzostwa Polski - II Liga S"]
[Site "Ustron/Slaski Zwiazek Szachowy"]
[Date "2008.09.06"]
[Round "1.30"]
[White "Wesolowska, Edyta"]
[Black "Bukowska, Katarzyna"]
[Result "0-1"]
[WhiteElo "1943"]
[BlackElo "2040"]
[PlyCount "82"]
[EventDate "2008.??.??"]

1. d4 d5 2. c4 e6 3. Nc3 Nf6 4. Bg5 Be7 5. e3 O-O 6. Nf3 Nbd7 7. Rc1 a6 8. c5
c6 9. Bd3 e5 10. dxe5 Ne8 11. Bxe7 Qxe7 12. Qc2 g6 13. Ne2 Nxe5 14. Nxe5 Qxe5
15. Qc3 Qxc3+ 16. Rxc3 Nc7 17. a4 Ne6 18. O-O Bd7 19. Rd1 Rad8 20. Bb1 Bc8 21.
b4 Rfe8 22. h3 Re7 23. Ba2 Rde8 24. b5 a5 25. Nc1 Nc7 26. bxc6 bxc6 27. Nb3 Re4
28. Nd4 Bd7 29. Rb1 Ne6 30. Rb7 Nxd4 31. exd4 Bf5 32. Rc7 Rxd4 33. Rxc6 Re1+
34. Kh2 Re2 35. Bb3 Rxf2 36. Rd6 Be4 37. Rg3 Rdd2 38. h4 Bxg2 39. c6 Be4+ 40.
Kg1 Rh2 41. Kf1 Rb2 0-1

[Event "Druzynowe Mistrzostwa Polski - II Liga S"]
[Site "Ustron/Slaski Zwiazek Szachowy"]
[Date "2008.09.06"]
[Round "1.31"]
[White "Moskwinski, Tadeusz"]
[Black "Kuziola, Mateusz"]
[Result "0-1"]
[WhiteElo "2161"]
[BlackElo "2309"]
[PlyCount "70"]
[EventDate "2008.??.??"]

1. e4 c5 2. Nf3 Nc6 3. d4 cxd4 4. Nxd4 Nf6 5. Nc3 e5 6. Ndb5 d6 7. Bg5 a6 8.
Na3 b5 9. Bxf6 gxf6 10. Nd5 f5 11. c3 Bg7 12. exf5 Bxf5 13. Nc2 O-O 14. Nce3
Be6 15. Bd3 f5 16. Qh5 e4 17. Bc2 Ne7 18. Rd1 Ng6 19. g4 f4 20. Nf5 Re8 21. O-O
Bf7 22. Bb3 Ra7 23. Kh1 Re5 24. Rfe1 a5 25. a3 Be8 26. Rd4 e3 27. fxe3 fxe3 28.
Rd3 Qa8 29. Rexe3 Nf4 30. Rxe5 dxe5 31. Nxg7 Nxh5 32. Ne6 Nf4 33. Nexf4 exf4
34. Kg1 Kh8 35. Nxf4 Re7 0-1

[Event "Druzynowe Mistrzostwa Polski - II Liga S"]
[Site "Ustron/Slaski Zwiazek Szachowy"]
[Date "2008.09.06"]
[Round "1.32"]
[White "Kolago, Marcin"]
[Black "Pazderski, Ziemowit"]
[Result "1/2-1/2"]
[WhiteElo "2340"]
[BlackElo "2197"]
[PlyCount "51"]
[EventDate "2008.??.??"]

1. e4 d5 2. exd5 Qxd5 3. Nc3 Qd6 4. d4 Nf6 5. Bc4 a6 6. h3 Qc6 7. Bf1 Bf5 8.
Nf3 e6 9. Bd3 Bb4 10. Bxf5 exf5 11. O-O O-O 12. Ne5 Qb6 13. Ne2 Nbd7 14. c3 Bd6
15. Nc4 Qc6 16. Nxd6 Qxd6 17. Qd3 Rfe8 18. Bf4 Qb6 19. b3 Nd5 20. Bd2 N7f6 21.
Nf4 Nxf4 22. Bxf4 Re4 23. Bd2 Rae8 24. f4 Re2 25. Rfe1 R2e6 26. Qc2 1/2-1/2

[Event "Druzynowe Mistrzostwa Polski - II Liga S"]
[Site "Ustron/Slaski Zwiazek Szachowy"]
[Date "2008.09.06"]
[Round "1.33"]
[White "Krasiewicz, Robert"]
[Black "Seifert, Henryk"]
[Result "1-0"]
[WhiteElo "2136"]
[BlackElo "2235"]
[PlyCount "34"]
[EventDate "2008.??.??"]

1. d4 d5 2. c4 c6 3. Nf3 e6 4. Nc3 dxc4 5. g3 b5 6. Bg2 Bb7 7. Ne5 f6 8. Nf3 a6
9. O-O Nd7 10. Bh3 Qe7 11. e4 Rd8 12. e5 c5 13. d5 Nxe5 14. Nxe5 fxe5 15. Bxe6
Qxe6 16. dxe6 Rxd1 17. Rxd1 Ne7 1-0

[Event "Druzynowe Mistrzostwa Polski - II Liga S"]
[Site "Ustron/Slaski Zwiazek Szachowy"]
[Date "2008.09.06"]
[Round "1.34"]
[White "Sapeta, Robert"]
[Black "Maciaga, Marcin"]
[Result "0-1"]
[WhiteElo "2122"]
[BlackElo "2180"]
[PlyCount "81"]
[EventDate "2008.??.??"]

1. e4 c5 2. Nf3 Nc6 3. d4 cxd4 4. Nxd4 e6 5. Nc3 Qc7 6. g3 a6 7. Be3 b5 8. Bg2
Bb7 9. O-O Nf6 10. Qe2 Be7 11. Rad1 O-O 12. f4 b4 13. Na4 d5 14. e5 Ne4 15.
Bxe4 dxe4 16. Nb3 Na7 17. Nb6 Rad8 18. Qc4 Nb5 19. Qxc7 Nxc7 20. Nc5 Nd5 21.
Nxd5 Bxd5 22. Nb3 a5 23. Nxa5 Ra8 24. Nb3 Rxa2 25. Bd4 Rc8 26. Rd2 e3 27. Bxe3
Rxb2 28. Na1 h5 29. Kf2 Kh7 30. h4 Kg6 31. Rfd1 Kf5 32. Bd4 Bc5 33. Ke3 Bxd4+
34. Rxd4 Ra8 35. R4d3 Kg4 36. Kd4 Rba2 37. Nb3 Rxc2 38. Nd2 Rc3 39. Nb1 Rxd3+
40. Rxd3 Ra2 41. Nd2 0-1

[Event "Druzynowe Mistrzostwa Polski - II Liga S"]
[Site "Ustron/Slaski Zwiazek Szachowy"]
[Date "2008.09.06"]
[Round "1.35"]
[White "Sliwinski, Marcin"]
[Black "Milanowski, Jan"]
[Result "1/2-1/2"]
[WhiteElo "2127"]
[BlackElo "2080"]
[PlyCount "26"]
[EventDate "2008.??.??"]

1. e4 d6 2. d4 Nf6 3. f3 c6 4. Be3 Qc7 5. Nc3 e5 6. Nge2 Be7 7. Qd2 a6 8. Ng3
g6 9. Bh6 Nbd7 10. O-O-O b5 11. Be2 Qa5 12. f4 b4 13. Nb1 Qxa2 1/2-1/2

[Event "Druzynowe Mistrzostwa Polski - II Liga S"]
[Site "Ustron/Slaski Zwiazek Szachowy"]
[Date "2008.09.06"]
[Round "1.36"]
[White "Wesolowska, Hanna"]
[Black "Krokay, Urszula"]
[Result "1/2-1/2"]
[WhiteElo "2054"]
[BlackElo "2018"]
[PlyCount "38"]
[EventDate "2008.??.??"]

1. d4 Nf6 2. Nf3 g6 3. Bf4 Bg7 4. e3 O-O 5. Be2 d6 6. h3 Nc6 7. O-O Nd7 8. Bh2
e5 9. c3 f5 10. Qb3+ Kh8 11. dxe5 dxe5 12. Rd1 Qe7 13. Bb5 Nb6 14. a4 Na5 15.
Qb4 Qxb4 16. cxb4 Nac4 17. b3 e4 18. Nd4 Ne5 19. Nc3 c6 1/2-1/2

[Event "Druzynowe Mistrzostwa Polski - II Liga S"]
[Site "Ustron/Slaski Zwiazek Szachowy"]
[Date "2008.09.06"]
[Round "1.37"]
[White "Wisniewski, Adrian"]
[Black "Wieclaw, Michal"]
[Result "1-0"]
[WhiteElo "2361"]
[BlackElo "2220"]
[PlyCount "61"]
[EventDate "2008.??.??"]

1. e4 e6 2. d3 d5 3. Nd2 Nf6 4. Ngf3 c5 5. g3 Nc6 6. Bg2 b6 7. O-O Bb7 8. Re1
Qc7 9. exd5 Nxd5 10. Ng5 Nf6 11. Nc4 Be7 12. Bf4 Qc8 13. Bd6 b5 14. Bxe7 Kxe7
15. Nd2 Nd4 16. Nge4 Qc6 17. c3 Nf5 18. Bf3 Qb6 19. a4 a6 20. Nxf6 gxf6 21.
Bxb7 Qxb7 22. Ne4 Qd5 23. Qf3 h5 24. Qf4 Rhc8 25. axb5 axb5 26. Rxa8 Qxa8 27.
Qf3 Qd5 28. Qxh5 Rd8 29. Qf3 Rf8 30. g4 Nh4 31. Qxf6+ 1-0

[Event "Druzynowe Mistrzostwa Polski - II Liga S"]
[Site "Ustron/Slaski Zwiazek Szachowy"]
[Date "2008.09.06"]
[Round "1.38"]
[White "Kaczmarek, Piotr"]
[Black "Chojnacki, Slawomir"]
[Result "0-1"]
[WhiteElo "1935"]
[BlackElo "2263"]
[PlyCount "70"]
[EventDate "2008.??.??"]

1. e4 c6 2. c4 d5 3. exd5 cxd5 4. d4 Nf6 5. Nc3 e6 6. Nf3 Be7 7. Bd3 dxc4 8.
Bxc4 a6 9. a4 b6 10. O-O Bb7 11. Re1 O-O 12. Ne5 Nc6 13. Nxf7 Rxf7 14. Bxe6
Nxd4 15. Bxf7+ Kxf7 16. Be3 Nf5 17. Qb3+ Bd5 18. Qxb6 Qxb6 19. Bxb6 Bc6 20. f3
Rb8 21. a5 Nd7 22. Na4 Nxb6 23. Nxb6 Bc5+ 24. Kh1 Bxb6 25. axb6 Rxb6 26. Rec1
Bb5 27. Rc7+ Kf6 28. Kg1 Rd6 29. Rc2 Nd4 30. Rf2 Ne6 31. Rc2 Rd3 32. Re2 Nd4
33. Ree1 g5 34. h4 h6 35. h5 Rd2 0-1

[Event "Druzynowe Mistrzostwa Polski - II Liga S"]
[Site "Ustron/Slaski Zwiazek Szachowy"]
[Date "2008.09.06"]
[Round "1.39"]
[White "Zgadzaj, Rafal"]
[Black "Bernat, Marcin"]
[Result "1/2-1/2"]
[WhiteElo "2245"]
[BlackElo "2200"]
[PlyCount "55"]
[EventDate "2008.??.??"]

1. Nf3 c5 2. g3 Nc6 3. Bg2 d5 4. d4 cxd4 5. Nxd4 e5 6. Nxc6 bxc6 7. c4 Be6 8.
Nc3 Bb4 9. Qa4 Bxc3+ 10. bxc3 Qd7 11. O-O Ne7 12. Ba3 Rd8 13. Rfd1 O-O 14. cxd5
cxd5 15. Qxd7 Rxd7 16. Bxe7 Rxe7 17. Bxd5 Bxd5 18. Rxd5 Rc7 19. Rc1 f6 20. c4
Rfc8 21. c5 Kf7 22. Rc2 Rb8 23. f3 Rb1+ 24. Kf2 Rh1 25. Kg2 Rb1 26. Rd3 Rb5 27.
Rb3 Ke7 28. Kf2 1/2-1/2

[Event "Druzynowe Mistrzostwa Polski - II Liga S"]
[Site "Ustron/Slaski Zwiazek Szachowy"]
[Date "2008.09.06"]
[Round "1.40"]
[White "Szuminski, Marek"]
[Black "Najbar, Marcin"]
[Result "1/2-1/2"]
[WhiteElo "2062"]
[BlackElo "2230"]
[PlyCount "95"]
[EventDate "2008.??.??"]

1. d4 c5 2. d5 d6 3. c4 Nf6 4. Nc3 g6 5. e4 Bg7 6. Nf3 O-O 7. h3 e6 8. Bd3 exd5
9. cxd5 Na6 10. O-O Nc7 11. a4 Re8 12. Bf4 Nh5 13. Bg5 Bf6 14. Qd2 Bxg5 15.
Qxg5 Qxg5 16. Nxg5 Nf4 17. Bc2 Bd7 18. Rfe1 b6 19. Kh2 f6 20. Nf3 a6 21. Ne2
Nxe2 22. Rxe2 b5 23. Re3 Reb8 24. axb5 axb5 25. Raa3 Rxa3 26. Rxa3 Ra8 27.
Rxa8+ Nxa8 28. Kg3 Kf7 29. Kf4 Nb6 30. Nd2 g5+ 31. Ke3 f5 32. f4 gxf4+ 33. Kxf4
fxe4 34. Bxe4 h6 35. b3 Bc8 36. Nf1 c4 37. bxc4 Nxc4 38. g4 b4 39. Bd3 Ne5 40.
Bc2 Ba6 41. Ne3 Nd3+ 42. Ke4 Nf2+ 43. Kd4 Nxh3 44. Nf5 Kf6 45. Nxh6 Ng5 46. Nf5
Nf7 47. Ne3 Kg5 48. Bb3 1/2-1/2

[Event "Druzynowe Mistrzostwa Polski - II Liga S"]
[Site "Ustron/Slaski Zwiazek Szachowy"]
[Date "2008.09.06"]
[Round "1.41"]
[White "Krzywda, Andrzej"]
[Black "Piechota, Pawel"]
[Result "1-0"]
[WhiteElo "2163"]
[BlackElo "1965"]
[PlyCount "41"]
[EventDate "2008.??.??"]

1. e4 d5 2. exd5 Qxd5 3. Nc3 Qa5 4. d4 Nf6 5. Bc4 c6 6. Qe2 Bg4 7. f3 Bf5 8. g4
Bg6 9. h4 h5 10. g5 Nd5 11. Bd2 Nb4 12. Ne4 e6 13. O-O-O b5 14. Bb3 Qb6 15.
Bxb4 Bxb4 16. Nh3 c5 17. Qxb5+ Qxb5 18. Nd6+ Ke7 19. Nxb5 a6 20. Nc3 cxd4 21.
Rxd4 1-0

[Event "Druzynowe Mistrzostwa Polski - II Liga S"]
[Site "Ustron/Slaski Zwiazek Szachowy"]
[Date "2008.09.06"]
[Round "1.42"]
[White "Sikorska, Agata"]
[Black "Kupczyk, Edyta"]
[Result "0-1"]
[WhiteElo "2108"]
[BlackElo "2110"]
[PlyCount "68"]
[EventDate "2008.??.??"]

1. d4 Nf6 2. Nf3 g6 3. Nbd2 d5 4. e3 Bg7 5. Bd3 O-O 6. O-O c5 7. b3 Nc6 8. Bb2
cxd4 9. exd4 Nb4 10. Be2 Bf5 11. c3 Nd3 12. Bxd3 Bxd3 13. Re1 Re8 14. Ne5 Bf5
15. g4 Be6 16. f4 Qc8 17. h3 h5 18. g5 Ne4 19. Nxe4 dxe4 20. Rxe4 Bxh3 21. Qf3
Bf5 22. Re3 f6 23. Nc4 Bg4 24. Qd5+ Kh7 25. Rae1 fxg5 26. Rxe7 Rxe7 27. Rxe7
gxf4 28. Nd6 Qf8 29. Qxb7 Bf3 30. Qc7 Qf6 31. Kf2 Bg4 32. Ke1 Qh4+ 33. Kd2 Qf2+
34. Kd3 Qf1+ 0-1

[Event "Druzynowe Mistrzostwa Polski - II Liga S"]
[Site "Ustron/Slaski Zwiazek Szachowy"]
[Date "2008.09.06"]
[Round "1.43"]
[White "Grabarczyk, Bogdan"]
[Black "Kujawski, Ryszard"]
[Result "1-0"]
[WhiteElo "2449"]
[BlackElo "2147"]
[PlyCount "77"]
[EventDate "2008.??.??"]

1. e4 e5 2. Bc4 Nf6 3. d3 c6 4. Nf3 d5 5. Bb3 Bb4+ 6. c3 Bd6 7. Qe2 O-O 8. Bg5
dxe4 9. dxe4 h6 10. Bh4 Qe7 11. Nbd2 Be6 12. Nc4 Bc7 13. Bc2 Nbd7 14. Ne3 g5
15. Bg3 Nxe4 16. Bxe4 f5 17. Nxf5 Bxf5 18. h4 g4 19. Bxf5 Rxf5 20. Nd4 Rf7 21.
Qxg4+ Kh8 22. Nf5 Qf6 23. Ne3 Rg8 24. Qe2 Nc5 25. Ng4 Rxg4 26. Qxg4 Nd3+ 27.
Ke2 Nxf2 28. Qc8+ Kh7 29. Rhf1 Bb6 30. Rxf2 Bxf2 31. Rf1 Bxg3 32. Rxf6 Rxf6 33.
Qxb7+ Kg6 34. Qxa7 Bxh4 35. Qe3 Rf5 36. a4 Bd8 37. b4 Rg5 38. Qe4+ Kg7 39. Qxc6
1-0

[Event "Druzynowe Mistrzostwa Polski - II Liga S"]
[Site "Ustron/Slaski Zwiazek Szachowy"]
[Date "2008.09.06"]
[Round "1.44"]
[White "Bardeli, Lukasz"]
[Black "Duch, Mariusz"]
[Result "1/2-1/2"]
[WhiteElo "2317"]
[BlackElo "2269"]
[PlyCount "100"]
[EventDate "2008.??.??"]

1. Nf3 f5 2. c4 Nf6 3. g3 d6 4. Bg2 e5 5. O-O Be7 6. Nc3 O-O 7. d4 Nc6 8. d5
Nb4 9. a3 Na6 10. b4 h6 11. e4 Qe8 12. exf5 Bxf5 13. Nh4 Bd7 14. Qc2 Ng4 15.
Ng6 Bf5 16. Nxe7+ Qxe7 17. Be4 Bxe4 18. Nxe4 Rac8 19. Bb2 Nb8 20. Qe2 Nf6 21.
f4 Nxe4 22. Qxe4 Nd7 23. fxe5 Nxe5 24. Bxe5 dxe5 25. Rae1 Rxf1+ 26. Rxf1 b6 27.
Re1 Re8 28. Kg2 Qd6 29. Rc1 Rd8 30. Rf1 Re8 31. c5 bxc5 32. Rc1 cxb4 33. Rc6
Qd7 34. Qc4 bxa3 35. Rxc7 Qf5 36. d6+ Kh7 37. Rf7 Rc8 38. Rxf5 Rxc4 39. Rxe5
Rd4 40. Ra5 Rxd6 41. Rxa3 a6 42. Kf3 Kg6 43. Kf4 Re6 44. h3 Kf6 45. h4 h5 46.
Ra5 g6 47. g4 hxg4 48. Kxg4 Rb6 49. h5 gxh5+ 50. Rxh5 Re6 1/2-1/2

[Event "Druzynowe Mistrzostwa Polski - II Liga S"]
[Site "Ustron/Slaski Zwiazek Szachowy"]
[Date "2008.09.06"]
[Round "1.45"]
[White "Flak, Pawel"]
[Black "Sobczak, Miroslaw"]
[Result "1-0"]
[WhiteElo "2120"]
[BlackElo "2043"]
[PlyCount "101"]
[EventDate "2008.??.??"]

1. d4 Nf6 2. c4 e6 3. Nc3 Bb4 4. Qc2 d5 5. Nf3 O-O 6. Bg5 Nbd7 7. e3 c5 8. Bd3
Qa5 9. O-O h6 10. Bh4 Bxc3 11. Qxc3 Qxc3 12. bxc3 b6 13. cxd5 Nxd5 14. Bb5 a6
15. Bc6 Ra7 16. c4 Nb4 17. Ba4 Nb8 18. a3 N4c6 19. Rfb1 cxd4 20. Rxb6 Bd7 21.
Bxc6 Nxc6 22. Bg3 dxe3 23. fxe3 Na5 24. Ne5 Ba4 25. Rab1 f6 26. Ng6 Re8 27.
R1b4 Bc2 28. Nf4 e5 29. Nd5 Be4 30. Nc3 Bd3 31. c5 Nc4 32. Rb8 Rxb8 33. Rxb8+
Kf7 34. e4 Rc7 35. Bf2 Nxa3 36. Rb3 Nb5 37. Nd5 Bxe4 38. Nxc7 Nxc7 39. c6 Ke6
40. Bb6 Kd6 41. Bxc7+ Kxc7 42. Rb7+ Kxc6 43. Rxg7 a5 44. Rf7 f5 45. Re7 Kc5 46.
Rxe5+ Kb4 47. g4 Bd3 48. gxf5 a4 49. f6 Bc4 50. Re4 a3 51. f7 1-0

[Event "Druzynowe Mistrzostwa Polski - II Liga S"]
[Site "Ustron/Slaski Zwiazek Szachowy"]
[Date "2008.09.06"]
[Round "1.46"]
[White "Nowak, Rafal"]
[Black "Wypych, Dominik"]
[Result "1-0"]
[WhiteElo "2008"]
[BlackElo "2085"]
[PlyCount "83"]
[EventDate "2008.??.??"]

1. d4 Nf6 2. Bg5 g6 3. Bxf6 exf6 4. e3 Bg7 5. Nd2 f5 6. Qf3 d6 7. Bd3 Nd7 8.
Ne2 Nf6 9. h3 h5 10. O-O O-O 11. c4 Re8 12. Nc3 c5 13. Rfd1 Qb6 14. Nb3 Bd7 15.
dxc5 dxc5 16. e4 fxe4 17. Nxe4 Nxe4 18. Bxe4 Re7 19. Bxb7 Rb8 20. Bd5 Rbe8 21.
Kf1 Bxb2 22. Rab1 Qb4 23. Nxc5 Bf5 24. Nd3 Qa5 25. g4 hxg4 26. hxg4 Bxd3+ 27.
Qxd3 Bg7 28. Qxg6 Qxa2 29. Kg2 Kf8 30. Qf5 Qa6 31. Re1 Qf6 32. Rxe7 Rxe7 33.
Rb8+ Re8 34. Rxe8+ Kxe8 35. Qc8+ Ke7 36. Qc7+ Kf8 37. Qb8+ Ke7 38. Qxa7+ Kd6
39. Qxf7 Qb2 40. Qe6+ Kc5 41. Qe7+ Kb6 42. Qb7+ 1-0

[Event "Druzynowe Mistrzostwa Polski - II Liga S"]
[Site "Ustron/Slaski Zwiazek Szachowy"]
[Date "2008.09.06"]
[Round "1.47"]
[White "Kurkowski, Zbigniew"]
[Black "Jedrzejewski, Kamil"]
[Result "1/2-1/2"]
[WhiteElo "2113"]
[BlackElo "1961"]
[PlyCount "102"]
[EventDate "2008.??.??"]

1. e4 c5 2. Nf3 Nc6 3. d4 cxd4 4. Nxd4 Nf6 5. Nc3 e5 6. Ndb5 d6 7. Bg5 a6 8.
Na3 b5 9. Nd5 Be7 10. Bxf6 Bxf6 11. c3 Bg5 12. Nc2 O-O 13. Bd3 Ne7 14. Nce3
Nxd5 15. Nxd5 Be6 16. Bc2 Rc8 17. O-O Rc5 18. Bb3 Kh8 19. a4 f5 20. exf5 Bxf5
21. axb5 axb5 22. Re1 Bh4 23. g3 Bg5 24. Nb4 Qf6 25. Bd5 Bh3 26. Qe2 Qf5 27.
Be4 Qe6 28. Ra6 Bg4 29. Qd3 Rc4 30. f3 Qf6 31. Rxd6 Qf7 32. Bd5 Qa7+ 33. Kg2
Rc7 34. Be4 Rcf7 35. Nc6 Qc5 36. Qd5 Qxd5 37. Bxd5 Bxf3+ 38. Bxf3 Rxf3 39. Nxe5
Rf2+ 40. Kh3 Kg8 41. Ng4 Rxb2 42. Re5 h6 43. Rb6 Rc8 44. Rexb5 Rxb5 45. Rxb5
Rxc3 46. Kg2 Be7 47. Rb2 Bd6 48. Rd2 Bc7 49. Rb2 h5 50. Nf2 Rc4 51. Re2 Kh7
1/2-1/2

[Event "Druzynowe Mistrzostwa Polski - II Liga S"]
[Site "Ustron/Slaski Zwiazek Szachowy"]
[Date "2008.09.06"]
[Round "1.49"]
[White "Murdzia, Piotr"]
[Black "Fudalej, Michal"]
[Result "1/2-1/2"]
[WhiteElo "2481"]
[BlackElo "2309"]
[PlyCount "90"]
[EventDate "2008.??.??"]

1. d4 Nf6 2. c4 g6 3. Nc3 Bg7 4. Nf3 O-O 5. Bg5 h6 6. Bh4 d6 7. e3 Bf5 8. Be2
c6 9. O-O Ne4 10. Nxe4 Bxe4 11. Qb3 Qc7 12. Rfd1 Re8 13. Bg3 Qb6 14. Nd2 Bf5
15. Bd3 Qxb3 16. Nxb3 Bxd3 17. Rxd3 b6 18. Rb1 Nd7 19. Nd2 Nf6 20. Kf1 Nh5 21.
Ke2 c5 22. d5 Reb8 23. b4 cxb4 24. Rxb4 Nf6 25. Ra3 Nd7 26. f3 Rc8 27. Bf2 Rc7
28. e4 Rac8 29. f4 Kh7 30. Kd3 g5 31. g3 gxf4 32. gxf4 Bh8 33. Ke2 Bf6 34. Rbb3
Rg8 35. Rg3 Rg7 36. Rxg7+ Bxg7 37. Kd3 Bb2 38. Ra4 Bc1 39. Be3 Bxd2 40. Kxd2
Kg8 41. Kd3 f6 42. Ra3 Kf7 43. Bd4 e5 44. dxe6+ Kxe6 45. f5+ Ke7 1/2-1/2

[Event "Druzynowe Mistrzostwa Polski - II Liga S"]
[Site "Ustron/Slaski Zwiazek Szachowy"]
[Date "2008.09.06"]
[Round "1.50"]
[White "Urbanski, Grzegorz"]
[Black "Rawski, Slawomir"]
[Result "1/2-1/2"]
[WhiteElo "2158"]
[BlackElo "2210"]
[PlyCount "102"]
[EventDate "2008.??.??"]

1. e4 e6 2. d4 d5 3. Nd2 Nf6 4. Bd3 c5 5. e5 Nfd7 6. c3 Nc6 7. Ne2 Qb6 8. Nf3
cxd4 9. cxd4 f6 10. exf6 Nxf6 11. O-O Bd6 12. Bf4 Bxf4 13. Nxf4 O-O 14. Qd2 Ne4
15. Qe3 Qc7 16. g3 g5 17. Ne2 h6 18. Bxe4 dxe4 19. Qxe4 Qf7 20. Nd2 e5 21. dxe5
Bf5 22. e6 Bxe6 23. f4 Bd5 24. Qe3 Rae8 25. Qf2 Qh5 26. Rae1 Ne5 27. Qd4 Bc6
28. fxe5 Rxf1+ 29. Rxf1 Qxe2 30. Qc4+ Qxc4 31. Nxc4 Bd5 32. b3 Bxc4 33. bxc4
Rxe5 34. Rb1 b6 35. Rd1 Kf7 36. Rd7+ Re7 37. Rxe7+ Kxe7 38. Kf2 Ke6 39. Kf3 Kf5
40. g4+ Ke5 41. Ke3 a6 42. a3 b5 43. cxb5 axb5 44. h3 Kd5 45. Kd3 Kc5 46. Kc3
Kb6 47. Kb4 Kc6 48. Kb3 Kc5 49. Kc3 Kc6 50. Kd4 Kd6 51. Ke4 Ke6 1/2-1/2

[Event "Druzynowe Mistrzostwa Polski - II Liga S"]
[Site "Ustron/Slaski Zwiazek Szachowy"]
[Date "2008.09.06"]
[Round "1.51"]
[White "Walkusz, Witoslaw"]
[Black "Rzepka, Krzysztof"]
[Result "0-1"]
[WhiteElo "2151"]
[BlackElo "2208"]
[PlyCount "64"]
[EventDate "2008.??.??"]

1. e4 c5 2. Nf3 d6 3. Bb5+ Bd7 4. a4 Nc6 5. O-O e5 6. Re1 Nf6 7. c3 a6 8. Bxc6
Bxc6 9. d4 Qc7 10. Nbd2 Be7 11. Qc2 O-O 12. dxe5 dxe5 13. Nc4 Nd7 14. a5 Rfe8
15. Ng5 h6 16. Nh3 b5 17. axb6 Nxb6 18. Ne3 Bf8 19. Nf5 Kh7 20. Qe2 Re6 21.
Rxa6 Rxa6 22. Qxa6 c4 23. Qa5 Qb7 24. f3 Na4 25. Ne3 Bc5 26. Nf2 Re8 27. Nxc4
Ra8 28. Qxa8 Qxa8 29. Nxe5 Bb5 30. b4 Bxf2+ 31. Kxf2 Nxc3 32. Be3 Qa2+ 0-1

[Event "Druzynowe Mistrzostwa Polski - II Liga S"]
[Site "Ustron/Slaski Zwiazek Szachowy"]
[Date "2008.09.06"]
[Round "1.52"]
[White "Szczyrba, Daniel"]
[Black "Zdrojewski, Wojciech"]
[Result "0-1"]
[WhiteElo "2191"]
[BlackElo "2190"]
[PlyCount "50"]
[EventDate "2008.??.??"]

1. e4 Nf6 2. e5 Nd5 3. d4 d6 4. Nf3 Bg4 5. Be2 e6 6. O-O Be7 7. c4 Nb6 8. exd6
cxd6 9. h3 Bh5 10. Be3 O-O 11. Nc3 d5 12. c5 Bxf3 13. Bxf3 Nc4 14. Bf4 b6 15.
b3 Na5 16. a3 Nbc6 17. b4 Nc4 18. Ra2 Bf6 19. Ne2 bxc5 20. bxc5 Qa5 21. Bh2
Rfd8 22. Rc2 Rac8 23. Qa1 Rd7 24. Rb1 Nd2 25. Rd1 Nb3 0-1

[Event "Druzynowe Mistrzostwa Polski - II Liga S"]
[Site "Ustron/Slaski Zwiazek Szachowy"]
[Date "2008.09.06"]
[Round "1.53"]
[White "Lewandowski, Miroslaw"]
[Black "Sroka, Janusz"]
[Result "1-0"]
[WhiteElo "2130"]
[BlackElo "2156"]
[PlyCount "97"]
[EventDate "2008.??.??"]

1. e4 e5 2. Nf3 d6 3. d4 Nd7 4. Bc4 c6 5. O-O Be7 6. Be3 Ngf6 7. Nbd2 O-O 8. h3
b5 9. Bb3 Bb7 10. Qe2 Re8 11. c4 a6 12. Rfd1 Bf8 13. cxb5 cxb5 14. d5 Nc5 15.
Bc2 Qd7 16. Rac1 a5 17. Bb1 Ba6 18. Bg5 Be7 19. Qe3 h6 20. Bxh6 gxh6 21. Qxh6
Nh7 22. Nf1 b4 23. Ng3 Bf8 24. Qh5 Qe7 25. Nf5 Qf6 26. Rd2 Rac8 27. Re1 Qg6 28.
Qh4 Rc7 29. Re3 Kh8 30. Kh2 Bf1 31. g4 Bg7 32. Re1 Ba6 33. g5 Bc8 34. Rg1 Rg8
35. Rdd1 Bf8 36. Rg4 Nxe4 37. Ng3 Bxg4 38. hxg4 Nxf2 39. Bxg6 fxg6 40. Rd2 e4
41. Rxf2 exf3 42. Ne4 Bg7 43. Nf6 Bxf6 44. gxf6 g5 45. Qh6 Rf8 46. Rxf3 Rc2+
47. Kg1 Rf7 48. Re3 Rc8 49. Re7 1-0

[Event "Druzynowe Mistrzostwa Polski - II Liga S"]
[Site "Ustron/Slaski Zwiazek Szachowy"]
[Date "2008.09.06"]
[Round "1.54"]
[White "Halamus, Agata"]
[Black "Maszota, Natalia"]
[Result "1-0"]
[WhiteElo "1935"]
[BlackElo "2077"]
[PlyCount "81"]
[EventDate "2008.??.??"]

1. c4 d6 2. g3 e5 3. Bg2 c6 4. e4 Be6 5. d3 Nf6 6. Nc3 Be7 7. Nge2 O-O 8. h3 d5
9. exd5 cxd5 10. Qb3 Nc6 11. cxd5 Na5 12. Qa4 Nxd5 13. O-O Nc6 14. Nxd5 Bxd5
15. Bxd5 Qxd5 16. Qe4 Qd7 17. Kh2 f5 18. Qc4+ Kh8 19. Be3 Rac8 20. Qb5 a6 21.
Qb3 b5 22. Rac1 Na5 23. Qd1 Rxc1 24. Nxc1 f4 25. Bb6 Nc6 26. Nb3 Qd5 27. Qe2
Rb8 28. Bc7 Rb7 29. Ba5 Rd7 30. Rc1 Bg5 31. Rc5 fxg3+ 32. fxg3 Qd6 33. Bc3 Bf6
34. Qe4 Ne7 35. Bxe5 Bxe5 36. Rxe5 Ng8 37. d4 Nf6 38. Re8+ Ng8 39. Qa8 Qd5 40.
Qc8 h6 41. Rxg8+ 1-0

[Event "Druzynowe Mistrzostwa Polski - II Liga S"]
[Site "Ustron/Slaski Zwiazek Szachowy"]
[Date "2008.09.06"]
[Round "1.55"]
[White "Steczek, Marcin"]
[Black "Maciejczak, Jakub"]
[Result "1-0"]
[WhiteElo "2342"]
[BlackElo "2344"]
[PlyCount "173"]
[EventDate "2008.??.??"]

1. Nf3 Nf6 2. c4 e6 3. g3 d5 4. b3 Be7 5. Bg2 O-O 6. O-O c6 7. Bb2 Nbd7 8. d3
a5 9. a3 b5 10. Nbd2 Qb6 11. Ra2 Bb7 12. Qa1 Rfd8 13. Ne5 Nxe5 14. Bxe5 Ne8 15.
Rc2 Rac8 16. Rfc1 h6 17. Nf3 c5 18. cxd5 exd5 19. a4 Bc6 20. axb5 Qxb5 21. Ra2
Ra8 22. Bc3 a4 23. bxa4 Rxa4 24. Rxa4 Qxa4 25. Ne5 Qxa1 26. Rxa1 Bb7 27. Ra7
Nd6 28. Nc6 Bxc6 29. Rxe7 Re8 30. Rc7 Rc8 31. Ba5 Rxc7 32. Bxc7 Nb7 33. Kf1 Kf8
34. Ke1 Ke7 35. Kd2 Kd7 36. Be5 f6 37. Bh3+ Ke7 38. Bb2 Bd7 39. Bg2 Bc6 40. Ba3
Kf7 41. Bh3 g6 42. Kc2 h5 43. Bg2 Ke6 44. h3 f5 45. Kc3 g5 46. Bc1 g4 47. Bf1
Nd6 48. Bh6 Nb5+ 49. Kb3 Nd4+ 50. Kc3 Nb5+ 51. Kb3 Nd4+ 52. Kb2 Kd7 53. Be3 Ne6
54. h4 Kd6 55. Bc1 Ba4 56. Kc3 Bd1 57. Kd2 Ba4 58. e3 Nd8 59. Ba3 Kc6 60. Bg2
Ne6 61. Bb2 Kd6 62. Bf6 Bc6 63. Bf1 Ba4 64. Be2 Bb3 65. Kc3 Ba4 66. f3 Nc7 67.
Kd2 Ne6 68. fxg4 fxg4 69. Kc3 Nf8 70. Kd2 Ne6 71. Bf1 Bb5 72. Bb2 Ba4 73. Bg2
Bc6 74. Bf6 Bb5 75. e4 Bc6 76. exd5 Bxd5 77. Bxd5 Kxd5 78. Ke3 Nf8 79. Kf4 Ke6
80. Bb2 Kf7 81. Kg5 Ke6 82. Kxh5 Kf5 83. Kh6 Ne6 84. h5 Ng5 85. Kg7 Ne6+ 86.
Kf7 Ng5+ 87. Ke7 1-0